[Event "Fagernes GM-B 2019"]
[Site "Fagernes"]
[Date "2019.04.19"]
[Round "7.25"]
[White "Rozentalis, Eduardas"]
[Black "Kazakovskiy, Valeriy"]
[Result "0-1"]
[WhiteElo "2568"]
[BlackElo "2440"]
[Annotator "ChessBase"]
[PlyCount "90"]
[EventDate "2019.04.14"]
[EventType "tourn"]
[EventCountry "NOR"]
[SourceTitle "playchess.com"]
[Source "ChessBase"]
[SourceQuality "1"]
[TimeControl "40/5400+30:1800+30"]

1. e4 {[%emt 0:00:00]} e5 {[%emt 0:00:00]} 2. Nf3 {[%emt 0:00:15]} Nc6 {[%emt 0:00:04]} 3. Nc3 {[%emt 0:00:59]} Nf6 {[%emt 0:00:19]} 4. Bb5 {[%emt 0:00:14]} Bd6 {[%emt 0:00:41]} 5. a3 {[%emt 0:03:49]} O-O {[%emt 0:00:57]} 6. d3 {[%emt 0:00:04]} a6 {[%emt 0:09:27]} 7. Bc4 {[%emt 0:00:58]} Bc5 {[%emt 0:02:26]} 8. Bg5 {[%emt 0:03:40]} h6 {[%emt 0:02:12]} 9. Bh4 {[%emt 0:01:06]} Be7 {[%emt 0:06:32]} 10. h3 {[%emt 0:27:05]} d6 {[%emt 0:07:33]} 11. O-O {[%emt 0:04:23]} Be6 {[%emt 0:06:15]} 12. Re1 {[%emt 0:03:25]} b5 {[%emt 0:08:48]} 13. Ba2 {[%emt 0:11:51]} Re8 {[%emt 0:08:40]} 14. Bxe6 {[%emt 0:02:30]} fxe6 {[%emt 0:01:24]} 15. d4 {[%emt 0:00:08]} Nxd4 {[%emt 0:03:17]} 16. Nxd4 {[%emt 0:00:26]} exd4 {[%emt 0:00:09]} 17. Qxd4 {[%emt 0:00:03]} Nd7 {[%emt 0:00:49]} 18. Bg3 {[%emt 0:04:05]} Bf6 {[%emt 0:04:34]} 19. Qd2 {[%emt 0:08:04]} Qb8 {[%emt 0:05:01]} 20. f4 {[%emt 0:04:32]} Qb6+ {[%emt 0:01:59]} 21. Kh1 {[%emt 0:03:12]} Qc6 {[%emt 0:02:59]} 22. e5 {[%emt 0:00:44]} dxe5 {[%emt 0:02:19]} 23. fxe5 {[%emt 0:00:08]} Bg5 {[%emt 0:00:40]} 24. Qe2 {[%emt 0:00:17]} Rf8 {[%emt 0:02:12]} 25. Rad1 {[%emt 0:04:01]} Bf4 {[%emt 0:06:51]} 26. Bxf4 {[%emt 0:03:42]} Rxf4 {[%emt 0:00:09]} 27. Na2 {[%emt 0:00:16]} Nb6 {[%emt 0:02:24]} 28. Nb4 {[%emt 0:00:35]} Qc4 {[%emt 0:01:09]} 29. Qe3 {[%emt 0:01:46]} Rf5 {[%emt 0:03:01]} 30. b3 {[%emt 0:05:25]} Qh4 {[%emt 0:02:48]} 31. Kh2 {[%emt 0:00:50]} a5 {[%emt 0:02:03]} 32. Rd4 {[%emt 0:02:30]} Qe7 {[%emt 0:02:38]} 33. Nc6 {[%emt 0:00:59]} Qxa3 {[%emt 0:00:52]} 34. Qe4 {[%emt 0:01:57]} Raf8 {[%emt 0:01:21]} 35. b4 {[%emt 0:01:15]} Nd5 {[%emt 0:01:55]} 36. Rxd5 {[%emt 0:00:46]} exd5 {[%emt 0:00:37]} 37. Qxd5+ {[%emt 0:00:33]} Kh8 {[%emt 0:01:13]} 38. bxa5 {[%emt 0:01:26]} Rg5 {[%emt 0:00:54]} 39. Qe4 {[%emt 0:00:42]} Qg3+ {[%emt 0:01:31]} 40. Kh1 {[%emt 0:00:04]} Rgf5 {[%emt 0:00:25]} 41. Rg1 {[%emt 0:30:23]} Rh5 {[%emt 0:06:31]} 42. Rd1 {[%emt 0:00:00]} Rh4 {[%emt 0:02:14]} 43. Qe2 {[%emt 0:00:00]} Rc4 {[%emt 0:09:00]} 44. Nd4 {[%emt 0:00:00]} Rf2 {[%emt 0:00:50]} 45. Qe4 {[%emt 0:00:00]} Rxd4 {[%emt 0:00:33]} 0-1

[Event "Fagernes GM-B 2019"]
[Site "Fagernes"]
[Date "2019.04.20"]
[Round "8.23"]
[White "Kazakovskiy, Valeriy"]
[Black "Levin, Felix"]
[Result "1/2-1/2"]
[WhiteElo "2440"]
[BlackElo "2476"]
[Annotator "ChessBase"]
[PlyCount "136"]
[EventDate "2019.04.14"]
[EventType "tourn"]
[EventCountry "NOR"]
[SourceTitle "playchess.com"]
[Source "ChessBase"]
[SourceQuality "1"]
[TimeControl "40/5400+30:1800+30"]

1. d4 {[%emt 0:00:00]} d5 {[%emt 0:00:01]} 2. c4 {[%emt 0:00:00]} e6 {[%emt 0:00:11]} 3. Nf3 {[%emt 0:00:00]} Nf6 {[%emt 0:00:09]} 4. g3 {[%emt 0:00:17]} dxc4 {[%emt 0:00:13]} 5. Bg2 {[%emt 0:00:16]} Bd7 {[%emt 0:00:11]} 6. Ne5 {[%emt 0:00:37]} Bc6 {[%emt 0:00:10]} 7. Nxc6 {[%emt 0:00:19]} Nxc6 {[%emt 0:00:06]} 8. O-O {[%emt 0:00:23]} Qd7 {[%emt 0:00:16]} 9. e3 {[%emt 0:00:14]} Rd8 {[%emt 0:00:33]} 10. Qe2 {[%emt 0:01:51]} e5 {[%emt 0:00:58]} 11. Qxc4 {[%emt 0:01:17]} exd4 {[%emt 0:00:10]} 12. exd4 {[%emt 0:00:57]} Nxd4 {[%emt 0:03:57]} 13. Nc3 {[%emt 0:07:13]} Be7 {[%emt 0:06:32]} 14. Bg5 {[%emt 0:21:37]} O-O {[%emt 0:08:20]} 15. Bxf6 {[%emt 0:13:31]} Bxf6 {[%emt 0:01:06]} 16. Nd5 {[%emt 0:00:40]} c6 {[%emt 0:04:32]} 17. Nxf6+ {[%emt 0:00:23]} gxf6 {[%emt 0:00:16]} 18. Rae1 {[%emt 0:03:57]} b6 {[%emt 0:20:27]} 19. b4 {[%emt 0:05:37]} Rfe8 {[%emt 0:03:56]} 20. Re3 {[%emt 0:04:38]} Qd6 {[%emt 0:02:56]} 21. Rfe1 {[%emt 0:02:26]} Re5 {[%emt 0:02:06]} 22. Rxe5 {[%emt 0:06:49]} fxe5 {[%emt 0:00:15]} 23. Qc1 {[%emt 0:00:42]} h6 {[%emt 0:02:24]} 24. a3 {[%emt 0:03:09]} f5 {[%emt 0:06:46]} 25. Qe3 {[%emt 0:04:49]} Re8 {[%emt 0:05:49]} 26. Rc1 {[%emt 0:02:07]} Kg7 {[%emt 0:03:13]} 27. Kh1 {[%emt 0:01:22]} c5 {[%emt 0:03:26]} 28. bxc5 {[%emt 0:01:23]} bxc5 {[%emt 0:00:02]} 29. Qc3 {[%emt 0:02:12]} Rc8 {[%emt 0:01:32]} 30. Qc4 {[%emt 0:01:18]} e4 {[%emt 0:06:56]} 31. Qa4 {[%emt 0:03:26]} Rc7 {[%emt 0:00:47]} 32. Qc4 {[%emt 0:02:33]} Qe6 {[%emt 0:00:54]} 33. Qc3 {[%emt 0:01:54]} Qb3 {[%emt 0:02:32]} 34. Qa5 {[%emt 0:00:45]} Qb6 {[%emt 0:00:26]} 35. Qc3 {[%emt 0:02:16]} Kh7 {[%emt 0:03:14]} 36. Qe3 {[%emt 0:02:26]} Qe6 {[%emt 0:06:01]} 37. Qf4 {[%emt 0:01:20]} Rc8 {[%emt 0:03:14]} 38. Bh3 {[%emt 0:01:17]} Rc6 {[%emt 0:01:58]} 39. Qb8 {[%emt 0:01:18]} Qe7 {[%emt 0:00:58]} 40. Rb1 {[%emt 0:01:44]} Rb6 {[%emt 0:01:34]} 41. Rxb6 {[%emt 0:04:55]} axb6 {[%emt 0:00:00]} 42. Qxb6 {[%emt 0:00:03]} e3 {[%emt 0:00:58]} 43. fxe3 {[%emt 0:02:08]} Qxe3 {[%emt 0:00:26]} 44. Qb7+ {[%emt 0:06:51]} Kg6 {[%emt 0:00:39]} 45. Qa6+ {[%emt 0:00:25]} Kg5 {[%emt 0:01:53]} 46. Qf1 {[%emt 0:04:07]} Qxa3 {[%emt 0:09:00]} 47. Qf4+ {[%emt 0:06:57]} Kg6 {[%emt 0:00:21]} 48. Qd6+ {[%emt 0:05:31]} Kh5 {[%emt 0:01:27]} 49. Bf1 {[%emt 0:01:09]} Qf3+ {[%emt 0:03:39]} 50. Kg1 {[%emt 0:00:05]} Qe3+ {[%emt 0:00:23]} 51. Kg2 {[%emt 0:02:20]} Qd2+ {[%emt 0:05:04]} 52. Kh3 {[%emt 0:01:09]} Nf3 {[%emt 0:04:52]} 53. Qxd2 {[%emt 0:00:29]} Nxd2 {[%emt 0:00:06]} 54. Be2+ {[%emt 0:01:09]} Kg5 {[%emt 0:00:06]} 55. Kg2 {[%emt 0:00:29]} c4 {[%emt 0:04:37]} 56. Kf2 {[%emt 0:00:35]} f4 {[%emt 0:00:49]} 57. h4+ {[%emt 0:00:29]} Kf5 {[%emt 0:00:06]} 58. g4+ {[%emt 0:00:29]} Ke4 {[%emt 0:00:37]} 59. Bd1 {[%emt 0:00:33]} c3 {[%emt 0:02:22]} 60. Bc2+ {[%emt 0:00:16]} Ke5 {[%emt 0:00:16]} 61. Ke2 {[%emt 0:00:39]} Ne4 {[%emt 0:01:06]} 62. Kf3 {[%emt 0:00:25]} Nc5 {[%emt 0:00:56]} 63. g5 {[%emt 0:00:41]} h5 {[%emt 0:00:20]} 64. Ke2 {[%emt 0:00:30]} Ne6 {[%emt 0:01:29]} 65. Kd3 {[%emt 0:00:26]} Kf5 {[%emt 0:00:41]} 66. Bd1 {[%emt 0:00:24]} Ng7 {[%emt 0:01:07]} 67. Bf3 {[%emt 0:00:21]} Ke5 {[%emt 0:00:23]} 68. Kxc3 {[%emt 0:00:07]} Nf5 {[%emt 0:00:05]} 1/2-1/2

[Event "Fagernes GM-B 2019"]
[Site "Fagernes"]
[Date "2019.04.20"]
[Round "8.24"]
[White "Holm, Kristian Stuvik"]
[Black "Rozentalis, Eduardas"]
[Result "1-0"]
[WhiteElo "2467"]
[BlackElo "2568"]
[Annotator "TA"]
[PlyCount "61"]
[EventDate "2019.04.14"]
[EventType "tourn"]
[EventCountry "NOR"]
[SourceTitle "playchess.com"]
[Source "ChessBase"]
[SourceQuality "1"]

{[%evp 25,61,0,15,8,8,8,8,3,8,8,8,8,8,8,8,10,19,15,124,103,172,32,341,313,453,334,508,410,2062,2062,2024,2017,1868,1857,1827,1783,1320,1274]} 1. d4 Nf6 2. c4 e6 3. Nf3 b6 4. g3 Bb7 5. Bg2 Be7 6. O-O O-O 7. d5 exd5 8. Nh4 c6 9. cxd5 Nxd5 10. Nf5 Nc7 11. e4 ({Predecessor:} 11. Nc3 d5 {1-0 (30) Povah,N-Burn,M England 1990}) 11... d5 12. Nc3 Bf6 13. exd5 cxd5 14. Bf4 {Strongly threatening Bxc7. E17: Queen's Indian: 4 g3 Bb7 5 Bg2 Be7} Nba6 15. Re1 Bc8 16. Nd6 {The position is equal.} Be6 $146 (16... Bxc3 17. bxc3 Be6 18. a4 Nc5 19. h4 Qd7 20. a5 Bg4 21. f3 Be6 {0-1 (36) Buhmann,R (2653)-Ponomariov,R (2706) Dortmund 2016}) 17. Nxd5 Nxd5 18. Bxd5 Bxd5 19. Qxd5 Bxb2 20. Rad1 $36 {[%mdl 2048] And now Qc4 would win. White has some pressure.} Nc5 21. h4 Qd7 (21... h6 $1 $11 {remains equal.}) 22. Qf3 $1 $16 {[%mdl 1024] White has strong compensation.} Qa4 (22... Kh8 $16) 23. Rd2 (23. Bg5 $1 $18) 23... Qa3 $2 {[%mdl 8192] [#]} ({Black should play} 23... Bf6 $14) 24. Qd5 $1 $18 {Threatens to win with Nxf7!} Rad8 (24... Nd7 {might work better.} 25. Nc4 Qc5 26. Nxb2 Qxd5 27. Rxd5 Nf6) 25. Re7 {[%cal Re7f7]} Ne6 (25... Rd7 {is a better defense.}) 26. Rxe6 fxe6 (26... Bc1 $142) 27. Qxe6+ {White is clearly winning.} Kh8 {[#]} 28. Nf7+ $1 {[%mdl 64] Discovered Attack, Overworked Piece} Rxf7 29. Rxd8+ Rf8 30. Qc8 Kg8 {[#]} 31. Bd6 $1 {[%mdl 512] Accuracy: White = 76%, Black = 27%.} 1-0

[Event "Fagernes GM-B 2019"]
[Site "Fagernes"]
[Date "2019.04.20"]
[Round "8.25"]
[White "Greenfeld, Alon"]
[Black "Lund, Gunnar"]
[Result "1-0"]
[WhiteElo "2514"]
[BlackElo "2271"]
[Annotator "ChessBase"]
[PlyCount "89"]
[EventDate "2019.04.14"]
[EventType "tourn"]
[EventCountry "NOR"]
[SourceTitle "playchess.com"]
[Source "ChessBase"]
[SourceQuality "1"]
[TimeControl "40/5400+30:1800+30"]

1. d4 {[%emt 0:00:00]} d6 {[%emt 0:01:09]} 2. Nf3 {[%emt 0:00:47]} Nf6 {[%emt 0:00:18]} 3. c4 {[%emt 0:04:07]} Nbd7 {[%emt 0:00:17]} 4. g3 {[%emt 0:04:26]} e5 {[%emt 0:00:59]} 5. Bg2 {[%emt 0:00:15]} Be7 {[%emt 0:00:20]} 6. O-O {[%emt 0:00:24]} O-O {[%emt 0:00:55]} 7. Nc3 {[%emt 0:00:10]} c6 {[%emt 0:00:22]} 8. e4 {[%emt 0:00:36]} a6 {[%emt 0:00:51]} 9. a4 {[%emt 0:01:23]} a5 {[%emt 0:02:32]} 10. h3 {[%emt 0:04:39]} Re8 {[%emt 0:04:29]} 11. Be3 {[%emt 0:05:55]} exd4 {[%emt 0:02:28]} 12. Nxd4 {[%emt 0:00:09]} Bf8 {[%emt 0:04:44]} 13. Qc2 {[%emt 0:01:49]} Nc5 {[%emt 0:04:45]} 14. Rad1 {[%emt 0:04:33]} Qb6 {[%emt 0:03:44]} 15. g4 {[%emt 0:07:12]} Be6 {[%emt 0:10:51]} 16. b3 {[%emt 0:13:05]} Rad8 {[%emt 0:01:13]} 17. f4 {[%emt 0:12:26]} Bc8 {[%emt 0:10:30]} 18. g5 {[%emt 0:08:38]} Nfd7 {[%emt 0:01:27]} 19. h4 {[%emt 0:05:40]} Nb8 {[%emt 0:04:17]} 20. Bf3 {[%emt 0:01:42]} Nba6 {[%emt 0:03:25]} 21. h5 {[%emt 0:01:21]} Nb4 {[%emt 0:01:53]} 22. Qg2 {[%emt 0:04:53]} d5 {[%emt 0:02:48]} 23. cxd5 {[%emt 0:01:08]} cxd5 {[%emt 0:01:24]} 24. Ndb5 {[%emt 0:04:57]} d4 {[%emt 0:03:12]} 25. Nxd4 {[%emt 0:03:29]} Nxb3 {[%emt 0:00:39]} 26. Nf5 {[%emt 0:04:00]} Bc5 {[%emt 0:05:28]} 27. Qf2 {[%emt 0:02:47]} Bxf5 {[%emt 0:01:20]} 28. Rxd8 {[%emt 0:00:40]} Qxd8 {[%emt 0:09:14]} 29. Bxc5 {[%emt 0:00:07]} Nd3 {[%emt 0:01:19]} 30. Bb6 {[%emt 0:00:19]} Nxf2 {[%emt 0:10:27]} 31. Bxd8 {[%emt 0:00:02]} Nxe4 {[%emt 0:01:27]} 32. Bxe4 {[%emt 0:00:37]} Bxe4 {[%emt 0:00:21]} 33. Nxe4 {[%emt 0:00:53]} Rxd8 {[%emt 0:01:59]} 34. Rb1 {[%emt 0:00:56]} Nd4 {[%emt 0:02:02]} 35. Kf2 {[%emt 0:00:42]} Rb8 {[%emt 0:02:14]} 36. Rb6 {[%emt 0:00:48]} Kf8 {[%emt 0:00:59]} 37. h6 {[%emt 0:01:22]} gxh6 {[%emt 0:00:37]} 38. Rxh6 {[%emt 0:00:07]} b5 {[%emt 0:00:38]} 39. Rxh7 {[%emt 0:00:17]} Ke7 {[%emt 0:00:55]} 40. g6 {[%emt 0:01:34]} Rf8 {[%emt 0:00:53]} 41. axb5 {[%emt 0:04:44]} Nxb5 {[%emt 0:01:42]} 42. f5 {[%emt 0:01:53]} Nd6 {[%emt 0:03:49]} 43. Nxd6 {[%emt 0:02:14]} Kxd6 {[%emt 0:00:55]} 44. g7 {[%emt 0:00:09]} Rg8 {[%emt 0:00:07]} 45. f6 {[%emt 0:00:05]} 1-0

[Event "Fagernes GM-B 2019"]
[Site "Fagernes"]
[Date "2019.04.20"]
[Round "8.26"]
[White "Betaneli, Alexander"]
[Black "Kaasen, Tor Fredrik"]
[Result "0-1"]
[WhiteElo "2235"]
[BlackElo "2385"]
[Annotator "NA"]
[PlyCount "82"]
[EventDate "2019.04.14"]
[EventType "tourn"]
[EventCountry "NOR"]
[SourceTitle "playchess.com"]
[Source "ChessBase"]
[SourceQuality "1"]
[TimeControl "40/5400+30:1800+30"]

1. c4 {[%emt 0:00:00]} Nf6 {[%emt 0:00:08]} 2. g3 {[%emt 0:00:00]} c6 {[%emt 0:00:06]} 3. Bg2 {[%emt 0:00:07]} d5 {[%emt 0:00:08]} 4. Nf3 {[%emt 0:00:04]} dxc4 {[%emt 0:00:53]} 5. O-O {[%emt 0:00:19]} e6 {[%emt 0:00:15]} 6. a4 {[%emt 0:01:27]} Na6 {[%emt 0:01:56]} 7. Qc2 {[%emt 0:10:07]} b5 {[%emt 0:00:55]} 8. b3 {[%emt 0:05:42]} Nb4 {[%emt 0:03:57]} 9. Qb2 {[%emt 0:01:47]} cxb3 {[%emt 0:02:20]} 10. Qxb3 {[%emt 0:08:52]} Bb7 {[%emt 0:02:33]} 11. Nc3 {[%emt 0:08:56]} a6 {[%emt 0:03:28]} 12. d4 {[%emt 0:03:27]} Be7 {[%emt 0:01:48]} 13. e4 {[%emt 0:04:11]} O-O {[%emt 0:01:57]} 14. e5 {[%emt 0:05:21]} Nfd5 {[%emt 0:03:59]} 15. Ne4 {[%emt 0:00:30]} a5 {[%emt 0:06:46]} 16. Rd1 {[%emt 0:09:18]} h6 {[%emt 0:04:53]} 17. Bd2 {[%emt 0:05:27]} Ba6 {[%emt 0:01:46]} 18. Bf1 {[%emt 0:03:47]} Qb6 {[%emt 0:02:37]} 19. Rdc1 {[%emt 0:04:57]} bxa4 {[%emt 0:05:31]} 20. Qd1 {[%emt 0:00:23]} Bb5 {[%emt 0:05:59]} 21. Nc5 {[%emt 0:00:37]} Bxc5 {[%emt 0:00:43]} 22. dxc5 {[%emt 0:04:04]} Qa6 {[%emt 0:01:58]} 23. Nd4 {[%emt 0:04:20]} Bxf1 {[%emt 0:04:24]} 24. Qxf1 {[%emt 0:00:02]} Nd3 {[%emt 0:00:28]} 25. Rc2 {[%emt 0:04:36]} Nxe5 {[%emt 0:02:17]} 26. Rxa4 {[%emt 0:01:32]} Qxf1+ {[%emt 0:07:03]} 27. Kxf1 {[%emt 0:00:02]} Rfb8 {[%emt 0:10:10]} 28. Rxa5 {[%emt 0:01:19]} Rxa5 {[%emt 0:00:48]} 29. Bxa5 {[%emt 0:00:01]} Rb1+ {[%emt 0:00:22]} 30. Kg2 {[%emt 0:02:59]} Ra1 {[%emt 0:00:25]} 31. Bd2 {[%emt 0:01:25]} Ra4 {[%emt 0:00:15]} 32. Nb3 {[%emt 0:02:26]} Nd3 {[%emt 0:01:17]} 33. Kf1 {[%emt 0:03:39]} e5 {[%emt 0:01:26]} 34. Ke2 {[%emt 0:00:38]} e4 {[%emt 0:02:16]} 35. f3 {[%emt 0:01:30]} f5 {[%emt 0:00:47]} 36. fxe4 {[%emt 0:00:10]} fxe4 {[%emt 0:00:05]} 37. Be3 {[%emt 0:02:08]} Ra3 {[%emt 0:01:30]} 38. Nd4 {[%emt 0:01:49]} Nxe3 {[%emt 0:00:50]} 39. Kxe3 {[%emt 0:00:02]} Nb4+ {[%emt 0:00:06]} 40. Kxe4 {[%emt 0:00:08]} Nxc2 {[%emt 0:00:04]} 41. Nxc2 {[%emt 0:30:08]} Rc3 {[%emt 0:30:04]} 0-1

[Event "Fagernes GM-B 2019"]
[Site "Fagernes"]
[Date "2019.04.20"]
[Round "8.27"]
[White "Loberg, Jo Kristian"]
[Black "Dale, Gunnar Brandshaug"]
[Result "0-1"]
[WhiteElo "2045"]
[BlackElo "1903"]
[Annotator "NA"]
[PlyCount "214"]
[EventDate "2019.04.14"]
[EventType "tourn"]
[EventCountry "NOR"]
[SourceTitle "playchess.com"]
[Source "ChessBase"]
[SourceQuality "1"]
[TimeControl "40/5400+30:1800+30"]

1. e4 {[%emt 0:00:00]} c5 {[%emt 0:00:00]} 2. Nf3 {[%emt 0:00:00]} Nc6 {[%emt 0:00:00]} 3. d4 {[%emt 0:00:00]} cxd4 {[%emt 0:00:00]} 4. Nxd4 {[%emt 0:00:00]} Nf6 {[%emt 0:00:00]} 5. Nc3 {[%emt 0:00:00]} d6 {[%emt 0:00:00]} 6. Bg5 {[%emt 0:00:00]} e6 {[%emt 0:00:00]} 7. Qd2 {[%emt 0:00:00]} a6 {[%emt 0:00:00]} 8. O-O-O {[%emt 0:00:00]} h6 {[%emt 0:00:00]} 9. Bh4 {[%emt 0:00:00]} Nxe4 {[%emt 0:00:00]} 10. Nxe4 {[%emt 0:08:07]} Qxh4 {[%emt 0:00:00]} 11. f3 {[%emt 0:01:46]} d5 {[%emt 0:00:00]} 12. Nxc6 {[%emt 0:10:48]} bxc6 {[%emt 0:00:00]} 13. Qc3 {[%emt 0:01:42]} Qf4+ {[%emt 0:00:00]} 14. Kb1 {[%emt 0:03:33]} Qc7 {[%emt 0:00:00]} 15. Nc5 {[%emt 0:01:36]} Qa7 {[%emt 0:11:19]} 16. Nd3 {[%emt 0:04:14]} Qb6 {[%emt 0:09:46]} 17. g3 {[%emt 0:04:36]} Bb7 {[%emt 0:08:30]} 18. Bh3 {[%emt 0:06:59]} O-O-O {[%emt 0:04:02]} 19. Ne5 {[%emt 0:10:39]} Bb4 {[%emt 0:07:10]} 20. Qb3 {[%emt 0:03:02]} Rhf8 {[%emt 0:01:36]} 21. Nxf7 {[%emt 0:03:28]} Rxf7 {[%emt 0:00:43]} 22. Bxe6+ {[%emt 0:00:36]} Rfd7 {[%emt 0:01:03]} 23. c3 {[%emt 0:05:49]} Bc5 {[%emt 0:01:22]} 24. Qxb6 {[%emt 0:00:45]} Bxb6 {[%emt 0:00:41]} 25. Rhe1 {[%emt 0:02:49]} Kc7 {[%emt 0:02:50]} 26. Bxd7 {[%emt 0:00:37]} Kxd7 {[%emt 0:00:50]} 27. Re2 {[%emt 0:05:10]} Re8 {[%emt 0:01:04]} 28. Rxe8 {[%emt 0:02:35]} Kxe8 {[%emt 0:00:32]} 29. b4 {[%emt 0:01:17]} c5 {[%emt 0:04:10]} 30. bxc5 {[%emt 0:01:06]} Bxc5 {[%emt 0:00:43]} 31. f4 {[%emt 0:00:52]} Ke7 {[%emt 0:02:06]} 32. Kc2 {[%emt 0:01:21]} Bc6 {[%emt 0:01:24]} 33. Re1+ {[%emt 0:06:39]} Kf6 {[%emt 0:02:07]} 34. Kb2 {[%emt 0:10:01]} Kf5 {[%emt 0:03:07]} 35. Kc2 {[%emt 0:01:19]} Kf6 {[%emt 0:02:26]} 36. Kb2 {[%emt 0:01:24]} Bb5 {[%emt 0:00:43]} 37. Re5 {[%emt 0:01:50]} Bc4 {[%emt 0:01:03]} 38. Rh5 {[%emt 0:01:13]} Bd6 {[%emt 0:01:13]} 39. Rh4 {[%emt 0:01:13]} Be2 {[%emt 0:01:27]} 40. Kc2 {[%emt 0:01:41]} Kg6 {[%emt 0:05:55]} 41. Kd2 {[%emt 0:00:00]} Bc4 {[%emt 0:00:00]} 42. a4 {[%emt 0:00:00]} Bb3 {[%emt 0:00:00]} 43. Rg4+ {[%emt 0:00:00]} Kf6 {[%emt 0:00:00]} 44. f5 {[%emt 0:00:00]} Kxf5 {[%emt 0:00:00]} 45. Rxg7 {[%emt 0:00:00]} Bxa4 {[%emt 0:00:00]} 46. Rh7 {[%emt 0:00:00]} Kg5 {[%emt 0:00:00]} 47. Rg7+ {[%emt 0:00:00]} Kf6 {[%emt 0:00:00]} 48. Rh7 {[%emt 0:00:00]} Bf8 {[%emt 0:00:00]} 49. Rb7 {[%emt 0:00:00]} Bb5 {[%emt 0:00:00]} 50. Ke3 {[%emt 0:00:00]} Bc5+ {[%emt 0:00:00]} 51. Kf4 {[%emt 0:00:00]} Bd6+ {[%emt 0:00:00]} 52. Ke3 {[%emt 0:00:00]} Be5 {[%emt 0:00:00]} 53. Kd2 {[%emt 0:00:32]} Bc4 {[%emt 0:00:00]} 54. Kc2 {[%emt 0:02:34]} Kg5 {[%emt 0:00:37]} 55. Re7 {[%emt 0:03:01]} Bf6 {[%emt 0:01:19]} 56. Re8 {[%emt 0:05:37]} Kg4 {[%emt 0:02:00]} 57. Re6 {[%emt 0:01:53]} Bg5 {[%emt 0:03:38]} 58. h4 {[%emt 0:01:40]} Kf5 {[%emt 0:01:43]} 59. Re8 {[%emt 0:01:27]} Bf6 {[%emt 0:02:01]} 60. Rf8 {[%emt 0:01:43]} Kg6 {[%emt 0:01:49]} 61. Re8 {[%emt 0:02:15]} Kf7 {[%emt 0:04:43]} 62. Rc8 {[%emt 0:02:05]} Be5 {[%emt 0:01:29]} 63. g4 {[%emt 0:01:54]} Bg3 {[%emt 0:01:53]} 64. g5 {[%emt 0:01:18]} hxg5 {[%emt 0:01:56]} 65. hxg5 {[%emt 0:01:02]} Bf4 {[%emt 0:01:18]} 66. g6+ {[%emt 0:01:23]} Kxg6 {[%emt 0:01:04]} 67. Rf8 {[%emt 0:00:33]} Bd6 {[%emt 0:01:14]} 68. Rf2 {[%emt 0:03:30]} Be5 {[%emt 0:01:14]} 69. Rf3 {[%emt 0:02:09]} Bf6 {[%emt 0:00:54]} 70. Kb2 {[%emt 0:00:50]} Kf7 {[%emt 0:00:45]} 71. Rf4 {[%emt 0:01:05]} Ke6 {[%emt 0:00:50]} 72. Rf3 {[%emt 0:00:47]} Be5 {[%emt 0:00:43]} 73. Re3 {[%emt 0:00:55]} Kd6 {[%emt 0:00:43]} 74. Re1 {[%emt 0:00:40]} Bf4 {[%emt 0:00:46]} 75. Re8 {[%emt 0:00:40]} Kc6 {[%emt 0:00:57]} 76. Rf8 {[%emt 0:00:50]} Bd6 {[%emt 0:00:48]} 77. Rd8 {[%emt 0:00:49]} Bc7 {[%emt 0:00:47]} 78. Rc8 {[%emt 0:00:37]} Kb6 {[%emt 0:00:56]} 79. Ra8 {[%emt 0:00:55]} Kb5 {[%emt 0:00:58]} 80. Ra7 {[%emt 0:00:58]} Bd6 {[%emt 0:01:00]} 81. Rd7 {[%emt 0:01:03]} Bc5 {[%emt 0:01:18]} 82. Rc7 {[%emt 0:00:35]} a5 {[%emt 0:00:42]} 83. Rc8 {[%emt 0:00:49]} a4 {[%emt 0:01:38]} 84. Rb8+ {[%emt 0:00:42]} Bb6 {[%emt 0:00:52]} 85. Rb7 {[%emt 0:00:46]} Bb3 {[%emt 0:01:46]} 86. Rb8 {[%emt 0:00:38]} Kc6 {[%emt 0:01:22]} 87. Rc8+ {[%emt 0:00:35]} Kb7 {[%emt 0:01:35]} 88. Rh8 {[%emt 0:00:32]} Bc5 {[%emt 0:00:53]} 89. Rh7+ {[%emt 0:00:51]} Kc6 {[%emt 0:00:46]} 90. Rh8 {[%emt 0:00:37]} Kb5 {[%emt 0:01:02]} 91. Rh4 {[%emt 0:00:38]} Bc4 {[%emt 0:01:19]} 92. Rh8 {[%emt 0:00:34]} a3+ {[%emt 0:01:03]} 93. Kc2 {[%emt 0:00:34]} a2 {[%emt 0:01:04]} 94. Rb8+ {[%emt 0:00:40]} Kc6 {[%emt 0:02:13]} 95. Kb2 {[%emt 0:01:18]} Ba3+ {[%emt 0:00:49]} 96. Ka1 {[%emt 0:00:31]} Kd6 {[%emt 0:01:59]} 97. Rh8 {[%emt 0:00:53]} Ke5 {[%emt 0:00:43]} 98. Re8+ {[%emt 0:00:32]} Kf4 {[%emt 0:00:49]} 99. Re1 {[%emt 0:00:52]} Kf3 {[%emt 0:00:44]} 100. Re8 {[%emt 0:00:31]} Bc1 {[%emt 0:00:52]} 101. Re1 {[%emt 0:02:26]} Bd2 {[%emt 0:00:46]} 102. Rc1 {[%emt 0:00:35]} Bb3 {[%emt 0:01:23]} 103. c4 {[%emt 0:01:28]} Bxc1 {[%emt 0:00:43]} 104. cxd5 {[%emt 0:00:32]} Ke2 {[%emt 0:00:46]} 105. d6 {[%emt 0:00:33]} Kd2 {[%emt 0:00:41]} 106. d7 {[%emt 0:00:31]} Kc2 {[%emt 0:00:33]} 107. d8=Q {[%emt 0:00:32]} Bb2# {[%emt 0:29:12]} 0-1